01405 2200301 4500001002100000005001500021035002000036007000300056008004100059020002200100082001200122084002100134100002700155245009700182300004200279650004400321700003000365504002800395520049500423264004700918336002100965337003000986338002301016990001601039990001601055990001601071990001601087INLIS00000000101227620221021020033 a0010-1022000133ta221021 g 0 ind  a978-602-5790-56-0 a363.728 aSR 363.728 SRI k0 aSri Lestariepengarang1 aKiat membangun bank sampah dan cara pengelolaannya /cSri Lestari; penyunting, Teguh Susanto avi, 116 halaman :bIlustrasi ;c20 cm 4aSampah, Pembuangan -- Aspek lingkungan0 aTeguh Susantoepenyunting abibliografi halaman 114 aSampah akan menjadi suatu masalah baru dikemudian hari apabila tidak ditangani dengan benar. Salah satu cara untuk menanggulanginya adalah dengan mengelola bank sampah. Banyak manfaat yang diperoleh dengan bank sekolah baik secara materi maupun lingkungan. Pembahasan dalam hal pengelolaan sampah mencakup pengertian bank sampah, langkah pembentukan bank sampah, serta pengelolaan dan administrasi bank sampah. kehadiran buku ini dapat menjadi solusi bagi masyarakat dalam mengelola sampah. aYogyakarta :bHijaz Pustaka Mandiri,c2022 2rdacontentaTeks 2rdamediaaTanpa perantara 2rdacarrieraVolume a50151.62971 a50152.62972 a50152.62972 a50151.62971